Evangelical dictionary of world missions / (Record no. 1757)

MARC details
000 -LEADER
fixed length control field 01242pam a2200349 a 4500
001 - CONTROL NUMBER
control field 90189
003 - CONTROL NUMBER IDENTIFIER
control field GBCCL
005 - DATE AND TIME OF LATEST TRANSACTION
control field 20241126110408.0
008 - FIXED-LENGTH DATA ELEMENTS--GENERAL INFORMATION
fixed length control field 991222s2000 enk bd 001 0 eng
010 ## -
-- 99044001
020 ## - INTERNATIONAL STANDARD BOOK NUMBER
International Standard Book Number 0853649952
020 ## - INTERNATIONAL STANDARD BOOK NUMBER
International Standard Book Number 0801020743
035 ## - SYSTEM CONTROL NUMBER
System control number (OCoLC)ocm43185799
040 ## - CATALOGING SOURCE
Original cataloging agency DLC
Transcribing agency DLC
Modifying agency YDX
042 ## -
-- pcc
049 ## -
-- LBBQ
-- LBBU
-- LBBN
-- LBB1
050 00 -
-- BV2040
-- .E92 2000
082 00 - DEWEY DECIMAL CLASSIFICATION NUMBER
Classification number 266.003
Edition information 21
Item number EVA
090 ## - LOCALLY ASSIGNED LC-TYPE CALL NUMBER (OCLC); LOCAL CALL NUMBER (RLIN)
Classification number (OCLC) (R) ; Classification number, CALL (RLIN) (NR) BV2040
Local cutter number (OCLC) ; Book number/undivided call number, CALL (RLIN) .E92 2000
245 00 - TITLE STATEMENT
Title Evangelical dictionary of world missions /
Statement of responsibility, etc. general editor, A. Scott Moreau ; associate editors, Harold Netland and Charles van Engen ; consulting editors, David Burnett ... [et al.].
260 ## - PUBLICATION, DISTRIBUTION, ETC.
Place of publication, distribution, etc. [Carlisle, Cumbria, U.K.] :
Name of publisher, distributor, etc. Paternoster ;
Place of publication, distribution, etc. Grand Rapids, Mich. :
Name of publisher, distributor, etc. Baker Books,
Date of publication, distribution, etc. c2000.
300 ## - PHYSICAL DESCRIPTION
Extent 1068 p. ;
Dimensions 27 cm.
440 #0 - SERIES STATEMENT/ADDED ENTRY--TITLE
Title Baker reference library
9 (RLIN) 2719
504 ## - BIBLIOGRAPHY, ETC. NOTE
Bibliography, etc. note Includes bibliographical references and index.
650 #0 - SUBJECT ADDED ENTRY--TOPICAL TERM
Topical term or geographic name entry element Missions
General subdivision Dictionaries.
9 (RLIN) 3633
650 #0 - SUBJECT ADDED ENTRY--TOPICAL TERM
Topical term or geographic name entry element Missions
General subdivision Theory
-- Dictionaries.
9 (RLIN) 3634
700 1# - ADDED ENTRY--PERSONAL NAME
Personal name Moreau, A. Scott,
Dates associated with a name 1955-
9 (RLIN) 3635
700 1# - ADDED ENTRY--PERSONAL NAME
Personal name Netland, Harold, A.,
Dates associated with a name 1955-
9 (RLIN) 3636
700 1# - ADDED ENTRY--PERSONAL NAME
Personal name Engen, Charles Edward van.
9 (RLIN) 3637
700 1# - ADDED ENTRY--PERSONAL NAME
Personal name Burnett, David,
Dates associated with a name 1943-
9 (RLIN) 3638
942 ## - ADDED ENTRY ELEMENTS (KOHA)
Source of classification or shelving scheme Dewey Decimal Classification
Koha item type Reference Books
Holdings
Withdrawn status Lost status Source of classification or shelving scheme Damaged status Not for loan Home library Current Library Shelving location Date acquired Total checkouts Full call number Barcode Date last seen Copy number Price effective from Koha item type
    Dewey Decimal Classification     GRACE BIBLE COLLEGE GRACE BIBLE COLLEGE Dictionary 2017-05-23   266.003 EVA 007063 2025-05-01 c.1 2017-05-23 Reference Books
    Dewey Decimal Classification     GRACE BIBLE COLLEGE GRACE BIBLE COLLEGE Dictionary 2017-05-23   266.003 EVA 010126 2025-05-01 c.2 2017-05-23 Reference Books
© Grace Bible College Library 2025